000 00714nam 22001933 4500
001 201290
021 _aPT
_b261722/07
090 _a201290
100 _a20260316d u||y0pory50 ba
200 _aContado às crianças: XVII encontro de literatura para crianças
_fcoordenação Ana Gaiaz
210 _aLisboa
_cFundação Calouste Gulbenkian, Serviço de Educação e Bolsas
_d2007
215 _a160 p.
_cil. ; brochado
_d25 cm
300 _aEncontro realizado na Fundação Calouste Gulbenkian, nos dias 8, 9 e 10 de Novembro de 2006
606 _93661
_aCrítica Literária.Estudos Literários
675 _a82.09
_vPT
_zpor
701 _916854
_aGaiaz
_bAna
801 _aPT
_bBMMN
_gRPC
830 _cVanda
990 _cLIVROS